Biblioteca

La conquista espiritual de México : Ensayo sobre el apostolado y los métodos misioneros de las órdenes mendicantes en la Nueva España de 1523-1572 / Robert Ricard ; traducido por Ángel María Garibay K. (Registro nro. 46168)

Detalles MARC
000 -LÍDER
Campo fijo de descripción fija 018160000a22002170004500
020 ## - NÚMERO INTERNACIONAL NORMALIZADO PARA LIBROS
Número Internacional Normalizado del libro 978-968-16-2176-6
082 04 - NÚMERO DE CLASIFICACIÓN DECIMAL DEWEY
Número de clasificación G 282.72 R487c
001 - NÚMERO DE CONTROL
Campo de control 19807
100 1# - ASIENTO PRINCIPAL--NOMBRE PERSONAL
Nombre personal Ricard, Robert
245 10 - TÍTULO
Título del Material La conquista espiritual de México : Ensayo sobre el apostolado y los métodos misioneros de las órdenes mendicantes en la Nueva España de 1523-1572 / Robert Ricard ; traducido por Ángel María Garibay K.
250 ## - MENCIÓN DE EDICIÓN
Mención de edición Segunda edición
260 ## - PUBLICACIÓN, DISTRIBUCIÓN, ETC. (PIE DE IMPRENTA)
Lugar de publicación, distribución, etc. México : Fondo de Cultura Económica
300 ## - DESCRIPCIÓN FÍSICA
Extensión 491 páginas
336 ## - CONTENT TYPE
Content type term texto
Content type code txt
Source rdacontent
337 ## - MEDIA TYPE
Source rdamedia
Media type term sin mediación
Media type code n
338 ## - CARRIER TYPE
Source rdacarrier
Carrier type term volumen
Carrier type code nc
501 ## - NOTA DE “CON”
Nota de Contenido rústico
505 00 - NOTA DE CONTENIDO
Nota de contenido con formato preestablecido Cristianismo y paganismo frente a frente -- Preparación etnográfica y lingüística del misionero -- Dispersión apostólica y reparto geográfico de las fundaciones monásticas -- Enseñanza prebautismal y administración del bautismo -- El catecismo -- La administración de los sacramentos -- Virtudes de los fundadores de la Iglesia en México -- Organización social y obras de interés público -- Los hospitales -- Las condiciones misioneras y la arquitectura religiosa -- El esplendor del culto y la devoción -- El teatro edificante -- Enseñanza primario y enseñanza técnica -- La formación de grupos selectos y el problema del clero indígena -- Dificultades internas del apostolado -- La resistencia indígena -- La evangelización primitiva y la evolución religiosa en México
650 14 - ASIENTO SECUNDARIO DE MATERIA - TERMINO TEMÁTICO
Término temático o nombre geográfico como elemento de entrada Iglesia Católica - Historia \ Misioneros - México \ Iglesia Católica - México \ Iglesia y estado - México \ Propiedades de la Iglesia - México \ la Iglesia Católica - México - Diócesis \ México - Historia de la Iglesia \ México - Historia - Siglo XX \ Iglesia Católica - México - Historia - Fuentes
942 ## - TIPO DE MATERIAL (KOHA)
Tipo de Item KOHA Libros General
Existencias
Estado de Material Estado de Perdido Estado de Dañado No para Préstamo Colección Tomo Biblioteca de Origen Biblioteca Permanente Fecha de Adquisición Total de Préstamos Signatura Topográfica Código de Barras Última vez visto Ejemplar/Existencia Fecha de Remplazo Tipo de Material
        Colección General   Biblioteca FUSBC Biblioteca FUSBC 15/05/2015   G 282.72 R487c 19883 12/12/2019 1 26/01/2016 Libros General

Biblioteca FUSBC | Teléfono: (57+4) 349 88 10 Ext. 141| WhatsApp (+57) 3005338115 
E-mail: biblioteca@unisbc.edu.co | Calle 76 87-14 Robledo Palenque, Medellín, Colombia

Con tecnología Koha